LIBRARY & INFORMATION CENTRE, KCAET, TAVANUR

ONLINE PUBLIC ACCESS CATALOGUE (OPAC)

PERFORMANCE EVALUATION OF HYDROPONIC FODDER PRODUCTION SYSTEM FOR JOWAR CROP AT DIFFERENT LIGHT CONDITIONS (Record no. 17592)

MARC details
000 -LEADER
fixed length control field 00528nam a22001457a 4500
003 - CONTROL NUMBER IDENTIFIER
control field OSt
082 ## - DEWEY DECIMAL CLASSIFICATION NUMBER
Classification number 630
088 ## - REPORT NUMBER
Report number P556
100 ## - MAIN ENTRY--AUTHOR NAME
Personal name ARDRA, SANTHOSH
-- GOPIKA, SUBASH
-- KARTHIKA, M. P
-- MANJUSHA, K. P
245 ## - TITLE STATEMENT
Title PERFORMANCE EVALUATION OF HYDROPONIC FODDER PRODUCTION SYSTEM FOR JOWAR CROP AT DIFFERENT LIGHT CONDITIONS
260 ## - PUBLICATION, DISTRIBUTION, ETC. (IMPRINT)
Place of publication Thavanur
Year of publication 2022
700 ## - ADDED ENTRY--PERSONAL NAME
Personal name Dr. JINU, A (Guide)
700 ## - ADDED ENTRY--PERSONAL NAME
Personal name Er. SREEJA, K (Co- Guide )
942 ## - ADDED ENTRY ELEMENTS (KOHA)
Koha item type Project Report
260 ## - PUBLICATION, DISTRIBUTION, ETC. (IMPRINT)
-- Kelappaji College of Agricultural Engineering and Technology
Holdings
Collection code Home library Current library Shelving location Full call number Accession Number Koha item type
Reference KAUAET KAUAET Reference1 630 P556 Project Report
free website counter